| 000 | 00587nam a22001697a 4500 | ||
|---|---|---|---|
| 020 | _qHard Cover. | ||
| 082 | _a200 | ||
| 100 | _aZeeshan, Muhammad | ||
| 245 |
_aInterference and Capacity Analysis in Wireless Mesh Network / _cMuhammad Zeeshan. |
||
| 260 |
_aIslamabad: _bSEECS - NUST, _c2016. |
||
| 300 |
_a142 p.: ill.; _c35cm. |
||
| 650 |
_aInformation Technology Ph. D-Thesis. _921776 |
||
| 700 |
_aSupervisor:Dr. Anjum Naveed _9124731 |
||
| 856 | _uhttp://10.250.8.41:8080/xmlui/handle/123456789/26379 | ||
| 942 |
_2ddc _cSC |
||
| 999 |
_c529535 _d529535 |
||